|
|
|
|
| LEADER |
00990nam a22002537a 4500 |
| 001 |
AAL7030 |
| 003 |
BD-DhAAL |
| 005 |
20160509150334.0 |
| 008 |
160509s 2003nyua|||| |||| 001 0 eng d |
| 020 |
|
|
|a 002149262X
|
| 040 |
|
|
|a BD-DhAAL
|c BD-DhAAL
|
| 082 |
|
|
|a 372.8/3/044
|
| 245 |
|
|
|a Macmillan/McGraw-Hill Social Studies. People and places /
|c Macmillan/McGraw-Hill School Publishing
|
| 260 |
|
|
|a New York :
|b Macmillan/McGraw-Hill,
|c ©2003
|
| 300 |
|
|
|a 283 p. :
|b ill. ;
|c 28 cm
|
| 500 |
|
|
|a Includes index
|
| 541 |
|
|
|e 7030
|
| 650 |
|
|
|a Social sciences
|x Study and teaching (Elementary)
|9 19464
|
| 650 |
|
|
|a Geography
|x Study and teaching.
|9 19465
|
| 710 |
|
|
|a Macmillan/McGraw-Hill School Publishing
|9 19466
|
| 852 |
|
|
|a Savar Campus Library
|c General Shelf
|
| 942 |
|
|
|2 ddc
|c BK
|
| 999 |
|
|
|c 37540
|d 37540
|
| 952 |
|
|
|0 0
|1 0
|2 ddc
|4 0
|6 372_800000000000000_3_044_MAC
|7 0
|9 58947
|a SCL
|b SCL
|c GEN
|d 2016-05-09
|e Gift: The Asia Foundation
|l 0
|o 372.83044 MAC
|p 3020007030
|r 2016-05-09
|t 1
|w 2016-05-09
|y BK
|